LEADER 00965nam0 2200253 450 001 000005685 005 20050119121248.0 010 $a88-14-09528-0 100 $a20050114d2002----km-y0itay50------ba 101 0 $aita 102 $aIT 200 1 $aProfili attuali di diritto sportivo e nuova legge antidoping$eAtti del convegno organizzato da Avvocatura indipendente con il contributo del Consiglio dell'Ordine degli Avvocati di Firenze ; Firenze, 4 maggio 2001$fa cura di Gianluca Gambogi 210 $aRoma$aMilano$cGiuffrè$d1906- 215 $aX, 148 p.$d24 cm 300 $asegue Appendice legislativa 610 1 $aSport$aDiritto 610 1 $aDoping$aLegislazione 676 $a344.45099 700 1$aGambogi,$bGianluca$0269350 801 0$aIT$bUNIPARTHENOPE$c20050113$gRICA$2UNIMARC 912 $a000005685 951 $cNAVA1$a344-P/7$b37318$d20050114 996 $aProfili attuali di diritto sportivo e nuova legge antidoping$91206246 997 $aUNIPARTHENOPE